000 00740nam a22001937a 4500
003 AM-YeHGA
005 20250617154315.0
008 180719b ||||| |||| 00| 0 rus d
040 _aAM-YeHGA
041 0 _arus
100 1 _aКостылев, Валентин Иванович
245 1 0 _aСчастливая встреча :
_bРоман /
_cВ. Костылев
260 _aМосква :
_bСов. писатель,
_c1947
300 _a312 с.
653 0 _aВеликая Октябрьская социалистическая революция, 1917 - Поволжье (х. л)
653 0 _aГражданская война в СССР, 1917-1922 - Поволжье (х. л.)
942 _2udc
_cBK
090 _c411314
999 _c409038
_d409038